US Presidents in Alphabetical Order Quiz Stats

 Plays Quiz Updated Jan 20, 2017

Challenge
Share
Tweet
Embed
Score 0/44 Timer 08:00
2 Plays Today
President % Correct
John Adams
99.3%
John Quincy Adams
95%
George H.W. Bush
84.5%
George W. Bush
84%
Jimmy Carter
81.9%
James Buchanan
78.2%
Chester A. Arthur
77.4%
Bill Clinton
77.3%
Dwight D. Eisenhower
75.3%
Calvin Coolidge
73.6%
Grover Cleveland
72.9%
Ulysses S. Grant
71.5%
Gerald Ford
71.1%
Andrew Jackson
69.8%
Andrew Johnson
69.7%
Lyndon B. Johnson
67.9%
Benjamin Harrison
67.9%
John F. Kennedy
67.3%
James Garfield
67%
James Madison
66.9%
Barack Obama
66.6%
Herbert Hoover
66.5%
President % Correct
Abraham Lincoln
66.3%
Thomas Jefferson
66.1%
Millard Fillmore
66%
James Monroe
65.7%
Franklin D. Roosevelt
65.5%
Richard Nixon
65.4%
William H. Harrison
65.3%
Theodore Roosevelt
65.1%
George Washington
64.9%
James K. Polk
62.6%
Woodrow Wilson
62%
Ronald Reagan
61.7%
Rutherford B. Hayes
61%
Warren G. Harding
60.7%
William H. Taft
60%
Harry S Truman
59%
Franklin Pierce
58.9%
William McKinley
58.8%
Martin Van Buren
58.7%
Zachary Taylor
57.6%
John Tyler
56.9%
Donald Trump
56.5%

You're not logged in!

Compare scores with friends on all Sporcle quizzes.
Join for Free
OR
Log In

You Might Also Like...

Show Comments

Extras

Top Quizzes Today


Score Distribution

Your Account Isn't Verified!

In order to create a playlist on Sporcle, you need to verify the email address you used during registration. Go to your Sporcle Settings to finish the process.

Report this User

Report this user for behavior that violates our Community Guidelines.

Details: